000 00292nam a22001097a 4500
999 _c528865
_d528865
020 _qHard Cover.
_z9837204761
082 _a658
100 _aPromod Batra
245 _aManagement thought starters /
_cPromod Batra
942 _2ddc
_cBK